00885cam a2200301 4500999001500000001000700015003000400022005001700026008004100043010001700084020001500101040001800116043001200134050002000146082002100166100004900187245007200236250001600308260003900324300001900363350000900382504003000391650003600421651002900457740004000486906004500526942001200571 c9849d9849764780OSt20210204161049.0700520s1970 tnu b 001 0 eng  a 70109675  a0687165687 aDLCcDLCdDLC an-us---00aBR516.5b.M479H00a291/.0973bM479H1 aMead, Frank S.q(Frank Spencer),d1898-1982.10aHandbook of denominations in the United Statesc[by] Frank S. Mead. aNew 5th ed. aNashville,bAbingdon Pressc[1970] a265 p.c24 cm. a3.95 aBibliography: p. 235-245. 0aChristian sectszUnited States. 0aUnited StatesxReligion.0 aDenominations in the United States. a7bcbccorignewduencipf19gy-gencatlg 2ddccBK